| 000 | 00849cam a2200253 a 4500 | ||
|---|---|---|---|
| 001 | 2577671 | ||
| 005 | 20180302042215.0 | ||
| 008 | 960124s1996 ctu b 001 0 eng | ||
| 010 | _a 96003211 | ||
| 020 | _a0275955931 (alk. paper) | ||
| 040 |
_aDLC _cDLC _dDLC |
||
| 041 | _aeng | ||
| 080 | _a305.3 NAD | ||
| 082 | 0 | 0 |
_a305.3 NAD _220 |
| 100 | 1 | _a50 | |
| 101 | _aSOC` | ||
| 245 | 1 | 0 |
_aS/he brain : _cRobert L. Nadeau. |
| 246 | 3 | _aShe brain | |
| 246 | 3 | 0 | _aScience, sexual politics, and the myths of feminism |
| 504 | _aIncludes bibliographical references (p. [151]-166) and index. | ||
| 906 |
_a7 _bcbc _corignew _d1 _eocip _f19 _gy-gencatlg |
||
| 942 |
_2ddc _cBK |
||
| 999 |
_c43968 _d43968 |
||